| 000 | 00862nam a2200301Ia 4500 | ||
|---|---|---|---|
| 001 | dia_2798 | ||
| 003 | CHAP | ||
| 005 | 20230508111116.0 | ||
| 008 | 220117s1977 xx 000 0 und d | ||
| 010 | _a173298 | ||
| 020 | _a92-5-300292-1 | ||
| 040 | _cCHAP | ||
| 082 | _a664.118 R88 1977 | ||
| 100 | _aRüter, P. | ||
| 245 |
_aEl aprovechamiento de las melazas / _c P. Rüter |
||
| 260 |
_aItalia : _b FAO, _c1977 |
||
| 300 | _a42 p. | ||
| 400 | _aBOLETIN DE SERVICIOS Agrícolas DE LA FAO, 25 | ||
| 440 |
_aBoletín de servicios agrícolas de la FAO ; 25 _9153523 |
||
| 504 | _aBibliografía: p. 40-42 | ||
| 590 | _aSF99.M6 R88 1977 | ||
| 650 |
_aMelaza _974313 |
||
| 650 |
_aMolasses _9147636 |
||
| 901 | _a664.118 R88 1977 | ||
| 902 | _aM | ||
| 905 | _a5232271977 it mn 8226123322spa16 | ||
| 942 |
_cLIBRO _2ddc |
||
| 999 |
_c173298 _d173298 |
||